000 01864cam a2200241 4500
001 7080
005 20181127182848.0
008 890908s1989 ohua b s000 0 eng
020 _a0879724692 (clothbound)
020 _a0879724706 (pbk.)
082 0 0 _a306.4/09/04
_220
100 _aRollin, Roger B.
_b
_c
_d
_eeditor
_q
245 0 4 _aThe Americanization of the global village :
_bessays in comparative popular culture /
_cedited by Roger Rollin.
260 _aBowling Green, Ohio :
_bBowling Green State University Popular Press,
_cc1989.
300 _a154 p. :
_bill. ;
_c24 cm.
504 _aIncludes bibliographical references.
505 _aPresident Mitterrand also watches Dallas : American mass media and French national policy / Chantal Cinquin -- Intellectuals are more popular in France : the case of French and American game shows / Wendy Pfeffer -- Images of the United States in selected Mexican comic books / Charles Tatum -- Cat People and mean streets : American popular film genres in the work of Manuel Puig and Wim Wenders / Joan Worley -- Cheyennes in the Black Forest : a social drama / Yolanda Broyles González -- NBC's docudrama, Holocaust, and concepts of National Socialism in the United States and the Federal Republic of Germany / Bruce A. Murray -- Singing against hunger : French and American popular musicians' efforts at charity / André J.M. Prévos -- And now, he-e-e-e-re's Misha! : Soviet television since perestroika / Alexandra Heidi Karriker. Rocky IV meets La Grande Illusion : pedagogy and theory in popular culture study / Christine Anne Holmlund.
_g
_r
_t
650 0 _aPopular culture
_xHistory
_y20th century.
650 0 _aPopular culture
_zUnited States
_xHistory
_y20th century.
700 1 _aRollin, Roger B.
999 _c6007
_d6007